[Event "Holger Blomstrand's op"]
[Site "Gothenburg"]
[Date "1997.08.13"]
[Round "5"]
[White "Wolf, Ulrich Martin"]
[Black "Cankulovski, Bojko"]
[Result "1/2-1/2"]
[WhiteElo "2200"]
[BlackElo "2210"]
[PlyCount "30"]
[EventDate "1997.08.09"]
[EventType "swiss"]
[EventRounds "9"]
[EventCountry "SWE"]
[SourceTitle "EXT 1999"]
[Source "ChessBase"]
[SourceDate "1998.11.16"]
[SourceVersion "1"]
[SourceVersionDate "1998.11.16"]
[SourceQuality "1"]

1. Nf3 e6 2. g3 b6 3. Bg2 Bb7 4. c4 Nf6 5. 0-0 Be7 6. Nc3 0-0 7. b3 d5 8. d4 c5 9. cxd5 Nxd5 10. Bb2 Nd7 11. Re1 cxd4 12. Nxd5 Bxd5 13. Nxd4 Bxg2 14. Kxg2 Qc8 15. Rc1 Qb7+ 1/2-1/2

[Event "Holger Blomstrand's op"]
[Site "Gothenburg"]
[Date "1997.??.??"]
[Round "1"]
[White "Cankulovski, Bojko"]
[Black "Fries Nielsen, Jens Ove"]
[Result "0-1"]
[WhiteElo "2210"]
[BlackElo "2415"]
[PlyCount "71"]
[EventDate "1997.08.09"]
[EventType "swiss"]
[EventRounds "9"]
[EventCountry "SWE"]
[SourceTitle "EXT 1999"]
[Source "ChessBase"]
[SourceDate "1998.11.16"]
[SourceVersion "1"]
[SourceVersionDate "1998.11.16"]
[SourceQuality "1"]

1. d4 d5 2. Nf3 Nc6 3. Bf4 Bg4 4. e3 e6 5. c4 Bd6 6. Bxd6 Qxd6 7. Qa4 Bxf3 8. gxf3 dxc4 9. Nc3 Nge7 10. Bxc4 0-0 11. Ne4 Qd8 12. 0-0-0 Nd5 13. Rdg1 Nb6 14. Qb5 Nxc4 15. Qxc4 Qe7 16. f4 Rad8 17. Rg5 f6 18. Rb5 Rf7 19. b4 Rb8 20. Nc5 Nd8 21. Nd3 b6 22. Rh5 a5 23. bxa5 Nb7 24. axb6 cxb6 25. Kb1 Nd6 26. Qb4 g6 27. Rg1 Rc8 28. Rh3 Rc4 29. Qa3 Qd8 30. Rc1 Rfc7 31. f5 Rxc1+ 32. Nxc1 Nc4 33. Qb4 Qd5 34. Rg3 Qxf5+ 35. Ka1 Nxe3 36. Nb3 0-1

[Event "Holger Blomstrand's op"]
[Site "Gothenburg"]
[Date "1997.??.??"]
[Round "8"]
[White "Cankulovski, Bojko"]
[Black "Lehmann, Holger"]
[Result "0-1"]
[WhiteElo "2210"]
[BlackElo "2175"]
[PlyCount "68"]
[EventDate "1997.08.09"]
[EventType "swiss"]
[EventRounds "9"]
[EventCountry "SWE"]
[SourceTitle "EXT 1999"]
[Source "ChessBase"]
[SourceDate "1998.11.16"]
[SourceVersion "1"]
[SourceVersionDate "1998.11.16"]
[SourceQuality "1"]

1. d4 d5 2. c4 e6 3. Nc3 c6 4. e3 Nf6 5. Nf3 Nbd7 6. Qc2 a6 7. b3 b5 8. Bd3 b4 9. Ne2 c5 10. 0-0 Bb7 11. Ne5 cxd4 12. Nxd7 Qxd7 13. exd4 dxc4 14. bxc4 Be7 15. Bb2 h5 16. Ng3 h4 17. Ne4 Rc8 18. f3 Nh5 19. Rfe1 Nf4 20. Bf1 Kf8 21. Qd2 e5 22. Rad1 Qf5 23. dxe5 Bxe4 24. Rxe4 Ne6 25. Ree1 Bc5+ 26. Kh1 h3 27. Bd3 hxg2+ 28. Qxg2 Qh5 29. Be4 Qh4 30. Bc1 Rh5 31. Re2 Ke7 32. f4 Nxf4 33. Bxf4 Qxf4 34. Rf1 Rxh2+ 0-1